[Event "Chigorin Memorial 27th"]
[Site "St Petersburg"]
[Date "2019.10.07"]
[Round "3"]
[White "Koltsova, Alisa"]
[Black "Kuzmichev, Danila"]
[Result "0-1"]
[WhiteElo "1486"]
[BlackElo "1808"]
[PlyCount "68"]
[EventDate "2019.10.05"]
[EventType "swiss"]
[EventRounds "9"]
[EventCountry "RUS"]
[SourceTitle "EXT 2020"]
[Source "ChessBase"]
[SourceDate "2019.10.17"]
[SourceVersion "1"]
[SourceVersionDate "2019.10.17"]
[SourceQuality "1"]

1. d4 Nf6 2. c4 g6 3. Nc3 d5 4. Nf3 Bg7 5. e3 0-0 6. Be2 c5 7. 0-0 cxd4 8. Nxd4 e5 9. Nb3 dxc4 10. Bxc4 Qc7 11. Qe2 e4 12. Nd5 Qe5 13. Nxf6+ Bxf6 14. Rd1 Nc6 15. Rd5 Qc7 16. Rb1 a6 17. a4 b6 18. Rd1 Ne5 19. Nd2 Bg4 20. f3 exf3 21. gxf3 Bxf3 22. Nxf3 Nxc4 23. b3 Ne5 24. Ba3 Rfd8 25. Rbc1 Qb7 26. Nxe5 Bxe5 27. Bb2 Qe4 28. Bxe5 Qxe5 29. Rxd8+ Rxd8 30. Re1 Qg5+ 31. Kf2 Rd6 32. Qxa6 Rf6+ 33. Ke2 Qg2+ 34. Kd3 Rd6+ 0-1

[Event "St Petersburg Korchnoi Memorial op"]
[Site "St Petersburg"]
[Date "2019.08.19"]
[Round "6"]
[White "Nikolaeva, Daria S"]
[Black "Koltsova, Alisa"]
[Result "0-1"]
[WhiteElo "1280"]
[BlackElo "1511"]
[PlyCount "52"]
[EventDate "2019.08.14"]
[EventType "swiss"]
[EventRounds "9"]
[EventCountry "RUS"]
[SourceTitle "CBM 192"]
[Source "ChessBase"]
[SourceDate "2019.10.31"]
[SourceVersion "1"]
[SourceVersionDate "2019.10.31"]
[SourceQuality "1"]

1. c4 c5 2. Nc3 Nc6 3. g3 g6 4. Bg2 Bg7 5. e3 e5 6. Nge2 Nge7 7. 0-0 0-0 8. a3 d6 9. Rb1 a5 10. d3 Be6 11. Qb3 Rb8 12. Bd2 Qd7 13. Na4 b5 14. Nac3 bxc4 15. Qc2 cxd3 16. Qxd3 c4 17. Qc2 d5 18. Rfd1 d4 19. exd4 exd4 20. Nxd4 Nxd4 21. Qe4 Bf5 22. Qe1 Bxb1 23. Rxb1 Rfe8 24. Qd1 Nb3 25. Ne4 Nxd2 26. Nxd2 Rbd8 0-1

[Event "St Petersburg Korchnoi Memorial op"]
[Site "St Petersburg"]
[Date "2019.08.17"]
[Round "4"]
[White "Dushin, Nikolay"]
[Black "Koltsova, Alisa"]
[Result "1-0"]
[WhiteElo "1890"]
[BlackElo "1511"]
[PlyCount "73"]
[EventDate "2019.08.14"]
[EventType "swiss"]
[EventRounds "9"]
[EventCountry "RUS"]
[SourceTitle "CBM 192"]
[Source "ChessBase"]
[SourceDate "2019.10.31"]
[SourceVersion "1"]
[SourceVersionDate "2019.10.31"]
[SourceQuality "1"]

1. d4 Nf6 2. Nf3 g6 3. e3 Bg7 4. c4 d5 5. Nc3 0-0 6. Qb3 c6 7. Bd2 dxc4 8. Bxc4 Nbd7 9. Qc2 c5 10. 0-0 cxd4 11. Nxd4 Ne5 12. Be2 Bd7 13. Rac1 Nc6 14. Nxc6 Bxc6 15. b4 Rc8 16. Rfd1 Nd5 17. Qb3 Nxc3 18. Bxc3 Qe8 19. Bxg7 Kxg7 20. b5 Bd7 21. Rxc8 Bxc8 22. Qc3+ Kg8 23. Qc7 e5 24. a4 Qe6 25. e4 Kg7 26. h3 h5 27. Bc4 Qf6 28. Rd3 Qf4 29. Bd5 Qg5 30. Rf3 Kh6 31. Qc5 Rd8 32. Kh2 b6 33. Qc7 Be6 34. Bxe6 fxe6 35. Rf7 Qd2 36. Rh7+ Kg5 37. Qxe5+ 1-0

[Event "St Petersburg Korchnoi Memorial op"]
[Site "St Petersburg"]
[Date "2018.08.18"]
[Round "4"]
[White "Chekletsova, Darya"]
[Black "Koltsova, Alisa"]
[Result "1/2-1/2"]
[WhiteElo "1674"]
[BlackElo "1332"]
[PlyCount "192"]
[EventDate "2018.08.15"]
[EventType "swiss"]
[EventRounds "9"]
[EventCountry "RUS"]
[SourceTitle "CBM 186 Extra"]
[Source "ChessBase"]
[SourceDate "2018.08.24"]
[SourceVersion "1"]
[SourceVersionDate "2018.08.24"]
[SourceQuality "1"]

1. d4 Nf6 2. c4 e6 3. Nc3 Bb4 4. Qc2 0-0 5. Bg5 b6 6. a3 Bxc3+ 7. Qxc3 Bb7 8. e3 d6 9. Qc2 Nbd7 10. Qd1 Qe7 11. Nf3 h6 12. Bh4 c5 13. Be2 Rfd8 14. 0-0 Rac8 15. Rc1 Nf8 16. dxc5 dxc5 17. Qc2 Ng6 18. Bxf6 Qxf6 19. Rfd1 Bc6 20. h3 Ne5 21. Nxe5 Qxe5 22. Bf1 Qe4 23. Qc3 Qg6 24. Qb3 Qg5 25. Qc2 Rxd1 26. Rxd1 Rd8 27. Rd2 Rxd2 28. Qxd2 Qe7 29. Bd3 Qd7 30. Qc2 Qb7 31. Bf1 Be4 32. Qd2 Qc7 33. b3 Kf8 34. b4 cxb4 35. Qxb4+ Ke8 36. c5 Bc6 37. cxb6 Qxb6 38. Qc3 Kf8 39. Qc2 Kg8 40. Qd3 Qc7 41. Qa6 Qb7 42. Qd3 Qd7 43. Qc3 Qb7 44. Qc5 Qd7 45. Qe5 Qd8 46. Bc4 Qd1+ 47. Kh2 Qd8 48. Bb3 Qa8 49. Qg3 Qb7 50. Bc2 Qb2 51. Bd3 Qb7 52. Qd6 Qc8 53. Bb1 g6 54. Qg3 Kg7 55. Bd3 Qd7 56. Be2 Qb7 57. Qe5+ Kg8 58. Bf1 a6 59. Qc3 Qc7+ 60. Kg1 Qb7 61. Qa5 Bb5 62. Bxb5 axb5 63. Qd8+ Kg7 64. Qd4+ Kg8 65. Qf4 Kg7 66. g4 Qc6 67. Kh2 Qa6 68. Qe5+ Kg8 69. Qc5 Kg7 70. h4 Qb7 71. Qe5+ Kg8 72. Qg3 Qa6 73. Qb8+ Kg7 74. h5 gxh5 75. Qe5+ Kh7 76. Qxh5 Qd6+ 77. Kh3 Qe7 78. Qxb5 Qxa3 79. Qh5 Qe7 80. f4 f6 81. Kg3 e5 82. f5 Qg7 83. Qe8 Qg5 84. Qf7+ Kh8 85. Kf3 e4+ 86. Kf2 Qh4+ 87. Kf1 Qh1+ 88. Ke2 Qf3+ 89. Kd2 Qf2+ 90. Kd1 Qf1+ 91. Kc2 Qd3+ 92. Kb2 Qd2+ 93. Kb1 Qd3+ 94. Ka2 Qd2+ 95. Ka1 Qc3+ 96. Kb1 Qd3+ 1/2-1/2

[Event "Chigorin Memorial 25th"]
[Site "St Petersburg"]
[Date "2017.10.24"]
[Round "4"]
[White "Koltsova, Alisa"]
[Black "Arbuzov, Timofey"]
[Result "0-1"]
[WhiteElo "1378"]
[BlackElo "1658"]
[PlyCount "88"]
[EventDate "2017.10.21"]
[EventType "swiss"]
[EventRounds "9"]
[EventCountry "RUS"]
[SourceTitle "CBM 181 Extra"]
[Source "ChessBase"]
[SourceDate "2017.12.12"]
[SourceVersion "1"]
[SourceVersionDate "2017.12.12"]
[SourceQuality "1"]

1. d4 Nf6 2. c4 g6 3. Nc3 Bg7 4. e4 d6 5. Nf3 0-0 6. Be2 Nbd7 7. 0-0 e5 8. dxe5 dxe5 9. Be3 c6 10. h3 a5 11. Qd2 Re8 12. Rfd1 Qe7 13. Qd6 Qxd6 14. Rxd6 Bf8 15. Rd2 Nc5 16. Bd3 Nxd3 17. Rxd3 Bb4 18. Nd2 Be6 19. Rc1 Nd7 20. a3 Bc5 21. Na4 Bxe3 22. Rxe3 Red8 23. Nf3 f6 24. g4 Kf7 25. b3 h6 26. Kg2 Nf8 27. Nb6 Rab8 28. Kg3 g5 29. Kg2 Ng6 30. Kg3 Nf4 31. Rce1 h5 32. Rh1 Rh8 33. Ree1 Rh7 34. Rh2 h4+ 35. Nxh4 Rxh4 36. f3 Rbh8 37. Reh1 Rd8 38. b4 Rd3 39. Ra2 Rc3 40. bxa5 Bxc4 41. Nxc4 Rxc4 42. Rb2 Ke6 43. Rxb7 Rc2 44. Rg1 Rxh3# 0-1

[Event "Chigorin Memorial 25th"]
[Site "St Petersburg"]
[Date "2017.10.23"]
[Round "3"]
[White "Titievskaya, Elizaveta"]
[Black "Koltsova, Alisa"]
[Result "1-0"]
[WhiteElo "1798"]
[BlackElo "1378"]
[PlyCount "119"]
[EventDate "2017.10.21"]
[EventType "swiss"]
[EventRounds "9"]
[EventCountry "RUS"]
[SourceTitle "CBM 181 Extra"]
[Source "ChessBase"]
[SourceDate "2017.12.12"]
[SourceVersion "1"]
[SourceVersionDate "2017.12.12"]
[SourceQuality "1"]

1. e4 e5 2. Nf3 Nf6 3. Nxe5 d6 4. Nf3 Nxe4 5. d4 d5 6. h3 Be6 7. Bd3 Be7 8. Bf4 Nc6 9. 0-0 g5 10. Bh2 f5 11. Ne5 Nxe5 12. Bxe5 Bf6 13. Be2 Qe7 14. Bh5+ Bf7 15. Bxf7+ Qxf7 16. Bxf6 Qxf6 17. f3 Nd6 18. Re1+ Kd7 19. Nc3 c6 20. b4 Rae8 21. Qd3 a6 22. a4 Nc4 23. b5 Rxe1+ 24. Rxe1 Re8 25. Rxe8 Kxe8 26. bxc6 bxc6 27. Kf2 Kd7 28. Ne2 h5 29. Ng3 h4 30. Nxf5 Nb2 31. Qb3 Nxa4 32. Qb7+ Kd8 33. Qb8+ Kd7 34. Qa7+ Kd8 35. Ne3 Nc3 36. Ng4 Qf4 37. Qa8+ Ke7 38. Qb7+ Kd8 39. Qb6+ Kc8 40. Qxc6+ Qc7 41. Qxa6+ Kd7 42. Qd3 Qg3+ 43. Kf1 Qc7 44. Ne5+ Kc8 45. Qf5+ Kb8 46. Qf8+ Kb7 47. Qb4+ Kc8 48. Qa3 Kb8 49. Qa6 Qb7 50. Qxb7+ Kxb7 51. Nf7 Kc6 52. Nxg5 Kd6 53. f4 Ke7 54. Nf3 Nd1 55. Ke2 Nc3+ 56. Kd3 Ne4 57. Nxh4 Kf6 58. c4 Nd6 59. cxd5 Kg7 60. g4 1-0

[Event "Chigorin Memorial 25th"]
[Site "St Petersburg"]
[Date "2017.10.22"]
[Round "2"]
[White "Koltsova, Alisa"]
[Black "Andrijashkin, Deniss"]
[Result "0-1"]
[WhiteElo "1378"]
[BlackElo "1929"]
[PlyCount "112"]
[EventDate "2017.10.21"]
[EventType "swiss"]
[EventRounds "9"]
[EventCountry "RUS"]
[SourceTitle "CBM 181 Extra"]
[Source "ChessBase"]
[SourceDate "2017.12.12"]
[SourceVersion "1"]
[SourceVersionDate "2017.12.12"]
[SourceQuality "1"]

1. d4 Nf6 2. c4 g6 3. Nc3 Bg7 4. e4 d6 5. Nf3 0-0 6. Be2 Nbd7 7. 0-0 e5 8. dxe5 dxe5 9. Be3 Qe7 10. Nd2 c6 11. Nb3 Re8 12. Qc2 Nf8 13. h3 Ne6 14. Rad1 Bd7 15. Rfe1 h5 16. Qc1 Kh7 17. a3 Rg8 18. Rd3 g5 19. Qd1 Bc8 20. Bxh5 Nf4 21. Bxf4 gxf4 22. Bf3 Bh6 23. Kf1 Be6 24. Nd2 Bg5 25. Qb3 Bh4 26. Qb4 Qc7 27. Rd1 Nd7 28. Na4 a5 29. Qc3 Qd8 30. b3 Qg5 31. Ke2 Qe7 32. c5 Qg5 33. Nb1 Nf6 34. Nb6 Rae8 35. Nc4 Nd7 36. Nd6 Re7 37. b4 axb4 38. axb4 Nf6 39. Na3 Nh5 40. Rf1 f6 41. Nac4 Ra8 42. Rd2 Bxf2 43. Rxf2 Ng3+ 44. Ke1 Qh4 45. Nb6 Rg8 46. Kd1 Reg7 47. Nf5 Bxf5 48. exf5 e4 49. Bxe4 Nxe4 50. Qd4 Nxf2+ 51. Rxf2 Qh5+ 52. g4 fxg3+ 53. Re2 Re8 54. Qc4 Qxe2+ 55. Qxe2 Rxe2 56. Kxe2 g2 0-1